| 000 | 00384nam a2200157Ia 4500 | ||
|---|---|---|---|
| 008 | 240830s1957 xx 000 0 und d | ||
| 041 | _aeng | ||
| 082 | _a1 | ||
| 100 | _aBEEWS | ||
| 245 | _aEDAN & HOLLANDS MANUAL OF OBSTETRICS | ||
| 250 | _a11 | ||
| 260 |
_aAHMEDNAGAR _bN.D. _c1957 |
||
| 300 | _a100p | ||
| 906 | _aEDAN & HOLLANDS MANUAL OF OBSTETRICS | ||
| 999 |
_c1183970 _d1183970 |
||